000 00691nam a2200217Ia 4500
005 20250508164051.0
008 008 250505s9999 xx 000 0 eng d
020 _a0-7507-0788-7
037 _aReference
040 _aFEDL
_beng
_cFEDL
041 _aeng
_2eng
084 _a370.19, YOU/RR
_qFEDL
100 _aYoung Michael F D
_9777230
245 0 _aCurriculum of the future from the 'new sociology of education' to a critical theory of learning
260 _aLondon, UK
_bRoutledge Falmer
_c1998
300 _aix,204p
365 _aGBP
_b22.5
650 _aEducation - Sociology; Curriculum
_9777231
942 _cREF
_h370.19, YOU/RR
999 _c1386890
_d1386890